000 00605nam a2200229Ia 4500
003 OSt
005 20250819162957.0
008 210210b2007 xxu||||| |||| 00| 0 eng d
040 _aAL
_c
041 _aeng
082 _a657.46 MEHB
100 _aMehrotra H C
_937377
245 _aBusiness taxation II 2007-08:
_bFor final year Bcom degree examination of mangalore university
250 _a5
260 _aAgra
_bSahitya Bhavan
_c2007
300 _aii,651p
440 _aVol 2
_937378
690 _aBusiness Taxation
_937381
700 _aGoyal S P
_937382
906 _a062449
942 _2ddc
_cBK
999 _c117562
_d117562